Institutions as a Mediator of the Effect of Cross-Border Mergers & Acquisitions on Domestic Investment
Analýza vplyvu interakcie medzi cezhraničnými fúziami a akvizíciami a kvalitou inštitucionálneho prostredia na domáce investície pomocou panelových údajov z 22 európskych krajín v období 2000-2014.
Uložené v:
| Hlavný autor: | |
|---|---|
| Ďalší autori: | , |
| Médium: | Kapitola |
| Jazyk: | English |
| Predmet: | |
| Tagy: |
Žiadne tagy, Buďte prvý, kto otaguje tento záznam!
|
MARC
| LEADER | 00000naa a2200000 4500 | ||
|---|---|---|---|
| 001 | 0247610 | ||
| 005 | 20180911151235.4 | ||
| 041 | 0 | |a eng | |
| 044 | |a CZ | ||
| 245 | 1 | 0 | |a Institutions as a Mediator of the Effect of Cross-Border Mergers & Acquisitions on Domestic Investment |c Jelena Zvezdanović Lobanova, Davorin Kračun, Alenka Kavkler |
| 520 | |a Analýza vplyvu interakcie medzi cezhraničnými fúziami a akvizíciami a kvalitou inštitucionálneho prostredia na domáce investície pomocou panelových údajov z 22 európskych krajín v období 2000-2014. | ||
| 610 | 2 | 0 | |a fúzie |
| 610 | 2 | 0 | |a akvizícia |
| 610 | 2 | 0 | |a investície |
| 610 | 2 | 0 | |a investície zahraničné |
| 610 | 2 | 0 | |a inštitúcia |
| 610 | 2 | 0 | |a spoločnosti nadnárodné |
| 610 | 2 | 0 | |a efektívnosť ekonomická |
| 610 | 2 | 0 | |a Európska únia |
| 100 | 1 | |a Zvezdanović Lobanova, Jelena | |
| 700 | 1 | |a Kračun, Davorin | |
| 700 | 1 | |a Kavkler, Alenka | |